000 00991nam a22003132a 4500
001 28711
003 BD-RjUL
005 20211209051323.0
008 500101s1965 uk 000 0 eng d
035 _a(BD-RjUL)28793
040 _aMRC
_cMRC
_dOCL
_dBD-RjUL
_beng
041 _aeng
082 _a111
_bADM 1965
090 _aB1649.R964
_bA3
100 1 _aAddis, Laird.
_987858
245 0 0 _aMoore and Ryle:
_btwo ontologists /
_c Laird Addis [and] Douglas Lewis
260 _aIowa City :
_bUniversity of Iowa,
_c1965
300 _a184 p
490 _aIOWA PUBLICATIONS IN PHILOSOPHY
_vVOLUME 2.
504 _aIncludes bibliographies
600 1 0 _aRyle, Gilbert,
_d1900-1976
_93417
600 1 0 _aRyle, Gilbert,
_d1900-1976.
_93417
600 1 0 _aMoore, G. E.
_q(George Edward),
_d1873-1958.
_93470
650 0 _aOntology
_987859
830 0 _vv. 2
_987868
700 1 _aLewis, Douglas.
_tMoore's realism.
_987861
830 0 _aIowa publications in philosophy ;
_987862
942 _2ddc
_cBK
999 _c28711
_d28711